Recent trends in combinatorics

Đã lưu trong:
Bibliografiske detaljer
Format: Bog
Sprog:Undetermined
Udgivet: Cambridge, UK. Cambridge Univ. Press 2001
Fag:
Tags: Tilføj Tag
Ingen Tags, Vær først til at tagge denne postø!
Thư viện lưu trữ: Trung tâm Học liệu Trường Đại học Cần Thơ
LEADER 00503nam a2200181Ia 4500
001 CTU_54828
008 210402s9999 xx 000 0 und d
020 |b 745000 
082 |a 511.6 
082 |b R294 
245 0 |a Recent trends in combinatorics 
245 0 |c Edited by Ervin Gyori and Vera T. Sós 
260 |a Cambridge, UK. 
260 |b Cambridge Univ. Press 
260 |c 2001 
650 |a combinatorial analysis 
904 |i Minh 
980 |a Trung tâm Học liệu Trường Đại học Cần Thơ